000 00324nam a2200157Ia 4500
100 _aSadasivam/Sudha G
942 _cBK
366 _f25
654 _acomponent based
245 _aComponent based technology
260 _bWiley India
_c2008
082 _a5.1
_bSAD
300 _a452
546 _aENGLISH
999 _c26333
_d26333